Antolgia Divina Commedia

Gespeichert in:
Bibliographische Detailangaben
1. Verfasser: Le Monnier
Format: Buch
Sprache:Nichtbestimmte Sprache
Veröffentlicht: Arnaldo Paoletti
Tags: Tag hinzufügen
Keine Tags, Fügen Sie das erste Tag hinzu!

MARC

LEADER 00000nam a2200000Ia 4500
001 R-1361
003 CODICE-MESSINA
005 20260212102506.0
008 260211s9999 xx 000 0 und d
040 |c importazione_messina 
100 |a Le Monnier 
245 0 |a Antolgia Divina Commedia 
260 |b Arnaldo Paoletti 
942 |2 ddc  |c BK 
952 |0 0  |1 0  |2 ddc  |4 0  |6 SCAFFALE_13_000000000000000__LETTERATURA  |7 0  |9 32195  |a ME  |b ME  |d 2026-02-11  |l 0  |o SCAFFALE 13 - LETTERATURA  |p R-1361  |r 2026-02-11 23:53:01  |w 2026-02-11  |x [REVISIONARE]  |y BK 
999 |c 27862  |d 27862